[Event "GER-ch 2012-A-V9 serv"]
[Site "GER email"]
[Date "2012.03.14"]
[Round "?"]
[White "Garus, Edward"]
[Black "Mauer, Karl Heinz"]
[Result "1/2-1/2"]
[WhiteElo "2022"]
[BlackElo "1887"]
[PlyCount "68"]
[EventDate "2012.03.19"]
[EventType "tourn (corr)"]
[EventRounds "6"]
[EventCountry "GER"]
[SourceTitle "Corr 2015"]
[Source "ChessBase"]
[SourceDate "2015.07.17"]
[SourceVersion "1"]
[SourceVersionDate "2015.07.17"]
[SourceQuality "1"]

1. e4 c5 2. Nf3 e6 3. d4 cxd4 4. Nxd4 Nf6 5. Nc3 Bb4 6. e5 Nd5 7. Bd2 Nxc3 8. bxc3 Be7 9. Qg4 g6 10. Bd3 d6 11. exd6 Qxd6 12. Nb5 Qc6 13. Nxa7 Rxa7 14. Qd4 0-0 15. Qxa7 Qxg2 16. 0-0-0 Nc6 17. Qe3 Qd5 18. Kb1 Ne5 19. Qe4 Qa5 20. Be2 Nd7 21. Qc4 Nf6 22. Bh6 Re8 23. Qb5 Qc7 24. f4 Bd7 25. Qe5 Qb6+ 26. Ka1 Bc6 27. Rhf1 Bd5 28. c4 Bg2 29. Rg1 Bc6 30. Bg5 Nd7 31. Qb2 Qf2 32. Bxe7 Rxe7 33. Qb4 Re8 34. Qd2 Qxh2 1/2-1/2

[Event "GER HS-120 email"]
[Site "GER email"]
[Date "2012.03.12"]
[Round "?"]
[White "Mauer, Karl Heinz"]
[Black "Herzog, Klaus"]
[Result "0-1"]
[WhiteElo "1887"]
[BlackElo "1868"]
[PlyCount "52"]
[EventDate "2012.03.20"]
[EventType "tourn (corr)"]
[EventRounds "6"]
[EventCountry "GER"]
[SourceTitle "Corr 2015"]
[Source "ChessBase"]
[SourceDate "2015.07.17"]
[SourceVersion "1"]
[SourceVersionDate "2015.07.17"]
[SourceQuality "1"]

1. e4 e5 2. Nf3 Nc6 3. Bb5 a6 4. Bxc6 dxc6 5. 0-0 f6 6. d4 exd4 7. Nxd4 c5 8. Nf3 Qxd1 9. Rxd1 Bd6 10. Nbd2 Be6 11. Re1 0-0-0 12. b3 Ne7 13. e5 fxe5 14. Nxe5 Nf5 15. Ndf3 Nd4 16. Nxd4 cxd4 17. Bb2 c5 18. c3 dxc3 19. Bxc3 Rhe8 20. Nf3 Bf8 21. Ng5 Bg8 22. Ba5 Rxe1+ 23. Rxe1 Rd5 24. Re8+ Kd7 25. Rd8+ Kc6 26. Rc8+ Kb5 0-1